An introduction to circuit analysis : (Record no. 182372)
[ view plain ]
| 000 -LEADER | |
|---|---|
| fixed length control field | 01045 a2200193 4500 |
| 003 - CONTROL NUMBER IDENTIFIER | |
| control field | Nust |
| 005 - DATE AND TIME OF LATEST TRANSACTION | |
| control field | 20221207183053.0 |
| 010 ## - LIBRARY OF CONGRESS CONTROL NUMBER | |
| LC control number | 86015360 |
| 020 ## - INTERNATIONAL STANDARD BOOK NUMBER | |
| International Standard Book Number | 0070561273 : |
| 040 ## - CATALOGING SOURCE | |
| Transcribing agency | Nust |
| 082 00 - DEWEY DECIMAL CLASSIFICATION NUMBER | |
| Classification number | 621.38153,SCO |
| 100 1# - MAIN ENTRY--PERSONAL NAME | |
| Personal name | Scott, Donald E. |
| 9 (RLIN) | 104389 |
| 245 13 - TITLE STATEMENT | |
| Title | An introduction to circuit analysis : |
| Remainder of title | a systems approach / |
| Statement of responsibility, etc. | Donald E. Scott. |
| 260 ## - PUBLICATION, DISTRIBUTION, ETC. | |
| Place of publication, distribution, etc. | New York : |
| Name of publisher, distributor, etc. | McGraw-Hill, |
| Date of publication, distribution, etc. | c1987. |
| 300 ## - PHYSICAL DESCRIPTION | |
| Extent | xviii, 730 p. : |
| Other physical details | ill. ; |
| Dimensions | 25 cm. |
| 505 ## - FORMATTED CONTENTS NOTE | |
| Formatted contents note | Resistor Circuits(Page-1), The Basic Tools Of Circuits Analysis (Page-51), Signals (Page-81), Energy-Storage Elements (Page-115), System Equations (Page-167), Firs-Order Systems (Page-205), Second-Order Systems (Page-253), Operational Amplifiers (Page-311), State-Variable Analysis (Page-355), Systems With Sinusoidal Inputs (Page-397), Systems With Complex Exponential Inputs (Page-459), Two-Port Networks (Page-511), Fourier Series (Page-573), The Fourier Transform (Page-623), Laplace Transforms (Page-653). |
| 650 #0 - SUBJECT ADDED ENTRY--TOPICAL TERM | |
| Topical term or geographic name entry element | Electric circuit analysis. |
| 9 (RLIN) | 2075 |
| 942 ## - ADDED ENTRY ELEMENTS (KOHA) | |
| Source of classification or shelving scheme | |
| Koha item type | Book |
| Withdrawn status | Lost status | Source of classification or shelving scheme | Damaged status | Not for loan | Permanent Location | Current Location | Shelving location | Date acquired | Full call number | Barcode | Date last seen | Price effective from | Koha item type | Public note |
|---|---|---|---|---|---|---|---|---|---|---|---|---|---|---|
| Military College of Signals (MCS) | Military College of Signals (MCS) | General Stacks | 12/12/2016 | 621.38153,SCO | MCS22683 | 12/08/2016 | 12/12/2016 | Book | Almirah No.34, Shelf No.3 |
